Le Nigeria pour les touristes... - Statistiques

Statistiques générales
  • Ce quiz a été pris 7 fois
  • Le résultat moyen est 10 sur 20
Statistiques - réponses
Question Indice Réponses % Correct
La religion majoritaire est Islam
100%
Ce pays est plus grand que la France (oui/non) Oui
100%
Quel est le régime du pays ? R République
100%
Quel pays a accordé son indépendance à celui-ci ? Royaume-Uni
100%
Dans la capitale quel est le décalage horaire avec Paris ? (+ ou - et chiffre) ex - 10 ou + 3,5 - 1
80%
Quelle est la langue officielle ? Anglais
80%
Le principal aéroport est L Lagos
80%
Quelle est la monnaie ? Naira
60%
Le suffixe internet est ng
60%
Quelles sont les principaux lieux touristiques ? K Ville de {Kano}
60%
Quelles sont les principaux lieux touristiques ? E Musée de l'{esclavage} à Badagry
40%
Quel est le climat local ? T D {Tropical} & {Désertique}
40%
Achats à faire 1/ Instrument de musique Balafon
20%
Achats à faire 2/ Instrument de musique Djembé
20%
Quelles sont les principaux lieux touristiques ? M Monts {Mandara}
20%
Quelles sont les principaux lieux touristiques ? L Par naturel de {Lufasi}
20%
Quelles sont les principaux lieux touristiques ? O O Bosquet sacré d'{Osun Osogbo}
0%
Quelles sont les principaux lieux touristiques ? L Centre de conservation de {Lekki}
0%
Quelles sont les principaux lieux touristiques ? O {Olumo} rock
0%
Code sur les plaques minéralogiques WAN
0%
Aucun quiz correspondant
Distribution des résultats
% des personnes avec chaque résultat
Percentile par nombre de réponses
Votre historique - résultats
Vous n’avez pas pris ce quiz